NFL Stadium Names - Statistics

General Stats
  • This quiz has been taken 65 times
  • The average score is 19 of 30
Answer Stats
Hint Answer % Correct
Cowboys AT&T
89%
Lions Ford
89%
Chiefs Arrowhead
87%
Patriots Gillette
85%
Dolphins Hard Rock
85%
Packers Lambeau
85%
Rams/Chargers Sofi
85%
Jets/Giants Metlife
83%
Falcons Mercedes Benz
80%
Bears Soldier
80%
49ers Levi's
78%
Colts Lucas Oil
74%
Raiders Allegiant
72%
Broncos Empower
72%
Ealges Lincoln Financial
70%
Texans NRG
67%
Panthers Bank of America
63%
Cardinals State Farm
63%
Seahawks Lumen
59%
Titans Nissan
59%
Steelers Acrisure
57%
Saints Caesars
54%
Bucs Raymond James
54%
Vikings US Bank
54%
Bills Highmark
43%
Ravens M&T Bank
43%
Bengals Paycor
37%
Jags Everbank
26%
Browns Huntington Bank
26%
Commanders Northwest
20%
No matching quizzes found
Score Distribution
Percent of People with Each Score
Percentile by Number Answered
Your Score History
You have not taken this quiz